000 00776nam a2200289Ia 4500
003 OSt
005 20221006142530.0
006 a|||||r|||| 00| 0
007 ta
008 221006b |||||||| |||| 00| 0 eng d
020 _c737.50
024 _a6,541
037 _cTextual
040 _aEASL
_cEASL
_beng
041 _2eng
_aeng
082 _aY:1.4.N86, M7
100 _aEISENSTADT S.N Ed.
245 0 _aPatterns of modernity Volume II
_b Beyond the west
260 _aLondon
_bFrances Pinter Pub.
_c1987
300 _a223p.
_ccm.
490 _v V.2CEL
650 _a Civilization
_9131607
650 _a Oriental civilization
_9647896
650 _aCEL
942 _hY:1.4.N86, M7
_cTEXL
_2CC
999 _c1074627
_d1074627